000
00243nam a22000977a 4500
999
_c
11713
_d
11713
008
200110b ||||| |||| 00| 0 eng d
020
_a
043920836X
100
_a
Coghill Vicki
_9
7405
245
_a
The Lost Hat
260
_a
New York
_b
Scholastic
_c
2000